KOHA-Header-6

Essentials of Business Communication (Record no. 2141)

000 -LEADER
fixed length control field 00317nam a2200121Ia 4500
008 - FIXED-LENGTH DATA ELEMENTS--GENERAL INFORMATION
fixed length control field 190802s9999 xx 000 0 und d
020 ## - INTERNATIONAL STANDARD BOOK NUMBER
International Standard Book Number 978-981-4227-90-2
100 ## - MAIN ENTRY--PERSONAL NAME
Personal name Mary Ellen Guffey
245 #0 - TITLE STATEMENT
Title Essentials of Business Communication
260 ## - PUBLICATION, DISTRIBUTION, ETC. (IMPRINT)
Place of publication, distribution, etc Karachi
Name of publisher, distributor, etc Dogar Brother
Date of publication, distribution, etc 2008
300 ## - PHYSICAL DESCRIPTION
Extent 560:p
942 ## - ADDED ENTRY ELEMENTS (KOHA)
Koha item type Books
Holdings
Withdrawn status Lost status Source of classification or shelving scheme Damaged status Not for loan Collection code Permanent Location Current Location Shelving location Date acquired Total Checkouts Full call number Barcode Checked out Date last seen Date checked out Price effective from Koha item type
          Business MAJU MAJU   2019-08-03 2 808.06 8764 2022-06-23 2022-06-16 2022-06-16 2019-08-03 Business

Powered by Koha